Consideraciones en torno a la política represiva y asistencial del Estado dominicano: 1966-1978
সংরক্ষণ করুন:
| প্রধান লেখক: | |
|---|---|
| বিন্যাস: | পাঠ্য |
| প্রকাশিত: |
Tegucigalpa :
|
| ট্যাগগুলো: |
ট্যাগ যুক্ত করুন
কোনো ট্যাগ নেই, প্রথমজন হিসাবে ট্যাগ করুন!
|
MARC
| LEADER | 00000 a a2200000 04500 | ||
|---|---|---|---|
| 001 | 15654 | ||
| 003 | |||
| 040 | |||
| 090 | |a 029800 | ||
| 100 | |a Duarte, Isis | ||
| 245 | |a Consideraciones en torno a la política represiva y asistencial del Estado dominicano: 1966-1978 | ||
| 260 | |a Tegucigalpa : | ||
| 300 | |a 14 p. | ||
| 999 | |c 15521 |d 15521 | ||
